Zásady úspěchu v globální soutěži.

Desať všeobecne platných podnikateľských pravidiel, ktorými by sa mali riadiť výrobcovia, ktorí chcú byť úspešní v oblasti konkurencie. Maximálne využitie tímovej práce, zvyšovanie kvalifikácie riadiacich pracovníkov a ich dostupnosť k informáciám.

Na minha lista:
Detalhes bibliográficos
Formato: Capítulo de Livro
Idioma:tcheco
Assuntos:
Tags: Adicionar Tag
Sem tags, seja o primeiro a adicionar uma tag!

MARC

LEADER 00000naa a2200000 4500
001 r012627
005 20220826093755.2
041 0 |a cze 
044 |a CZ 
245 1 0 |a Zásady úspěchu v globální soutěži. 
520 |a Desať všeobecne platných podnikateľských pravidiel, ktorými by sa mali riadiť výrobcovia, ktorí chcú byť úspešní v oblasti konkurencie. Maximálne využitie tímovej práce, zvyšovanie kvalifikácie riadiacich pracovníkov a ich dostupnosť k informáciám. 
610 2 0 |a proces výrobný 
610 2 0 |a kvalita výrobkov 
610 2 0 |a konkurencia 
610 2 0 |a systémy výrobné 
610 2 0 |a práca tímová